Billboard’s #1 Single of the Year 1970-1979 - Statistics

General Stats
  • This quiz has been taken 92 times
  • The average score is 6 of 10
Answer Stats
Hint Answer % Correct
1970 - Simon & Garfunkel Bridge Over Troubled Water
88%
1973 - Tony Orlando and Dawn Tie a Yellow Ribbon Round the Ole Oak Tree
74%
1979 - The Knack My Sharona
71%
1971 - Three Dog Night Joy to the World
65%
1975 - Captain & Tennille Love Will Keep Us Together
64%
1974 - Barbra Streisand The Way We Were
54%
1972 - Roberta Flack The First Time Ever I Saw Your Face
52%
1976 - Wings Silly Love Songs
51%
1977 - Rod Stewart Tonight's the Night (Gonna Be Alright)
39%
1978 - Andy Gibb Shadow Dancing
38%
No matching quizzes found
Score Distribution
Percent of People with Each Score
Percentile by Number Answered
Your Score History
You have not taken this quiz